000 00380nam a2200145 i 4500
001 bg
100 1 _aRassev, Sergiu D.
_d(1916- ).
245 0 _aReformowanie katalityczne :
_btłum. z rum. /
_cS.D. Rassev, C.D. Ionescu.
260 _aWarszawa,
_c1966.
700 1 _aIonescu, C. D.
040 _cBPK
041 _apol
942 _cKS
008 s pl f |000 0 pol
999 _c16165
_d16165
856 _uhttp://koha.tu.koszalin.pl/cgi-bin/koha/opac-detail.pl?biblionumber=16165
_yKatalog online BPK